Statistiques concernant Lagos - Culture générale

Cliquez ici pour prendre le quiz!

Statistiques générales

  • Ce quiz a été pris 29 fois
  • Le résultat moyen est 8 sur 15

Statistiques - réponses

InformationRéponse% Correct
Pays dont elle est la plus grande villeNigeria
100%
Ville qui a pris le rôle de capitale à Lagos en 1991Abuja
85%
Langue la plus courante dans les rues de LagosAnglais
73%
Population de la métropole au plus proche million (2021)23
65%
Pays européen où se trouve une autre Lagos, de laquelle provient peut-être le nom de la villePortugal
65%
Grand golfe de l'Océan Atlantique que la ville bordeGolfe de Guinée
62%
Footballer évoluant au SSC Napoli, élu joueur africain de l'année 2023Victor Osimhen
54%
Style musical très rythmique popularisé par Fela Kuti ou Tony AllenAfro{beat}
50%
Produit d'exportation qui contribue le plus à la richesse du port et de la villePétrole
50%
Nom donné à l'industrie cinématographique installée à Lagos (ni Hollywood ni Bollywood)Nollywood
38%
Royaume qui conquit la ville XVème siècle, aujourd'hui un pays frontalierRoyaume du Bénin
38%
Infrastructure à laquelle Murtala Muhammed a donné son nomAéroport
35%
Langue locale dans laquelle Lagos s'appelle ÈkóYoruba
19%
Roman à succès de Chimamanda Ngozi Adichie sorti en 2013 qui raconte le retour d'une jeune américaine à LagosAmericanah
15%
Partie portuaire de la ville qui donne son nom à un pont et dans laquelle s'est déroulé une sanglante répression en 2020Lekki
15%

Distribution des résultats

Percentile par nombre de réponses

% des personnes avec chaque résultat

Votre développement - résultats

Vous n’avez pas pris ce quiz